|
|
|
|
| LEADER |
00000nab a2200000 a 4500 |
| 001 |
vtls010706692 |
| 003 |
SK-MaSNL |
| 005 |
20260304185741.0 |
| 008 |
250709s2005 xo |||||||||||||||||slo| |
| 035 |
|
|
|a (urnnbn)urn:nbn:sk:snk:ar-a041eu
|
| 035 |
|
|
|a (uuid)3c58f62f-f8fa-4534-be78-9c02eadcf089
|
| 035 |
|
|
|a urn:nbn:sk:snk-ab3ay9
|
| 040 |
|
|
|a SNKBUCL
|b slo
|c SNKBUCL
|e AACR2
|
| 041 |
0 |
|
|a slo
|
| 044 |
|
|
|a xo
|c SK
|
| 100 |
1 |
|
|a Alcorta, José I.
|4 aut
|9 1520346
|
| 245 |
1 |
0 |
|a NOVÉ VERZIE NORIEM ISO RADU 14000 NA SYSTÉMY ENVIRONMENTÁLNEHO MANAŽÉRSTVA
|c José I. Alcorta
|
| 700 |
1 |
|
|a Lengyelová, Adriana
|4 trl
|9 89879
|
| 773 |
0 |
|
|t Normalizácia : odborný časopis pre technickú normalizáciu
|g Roč. 11, č. 1 (2005), s. 37-38
|
| 850 |
|
|
|a Slovenská národná knižnica
|
| 852 |
|
|
|a Slovenská národná knižnica
|
| 954 |
|
|
|a odborná, vedecká literatúra cudzojazyčná (svetová)
|2 lita
|
| 958 |
|
|
|a article1
|
| 958 |
|
|
|a OND
|
| 958 |
|
|
|a EUIPO
|
| 999 |
|
|
|c 3045784
|d 3047714
|